000 00504nam a2200169Ia 4500
999 _c27882
_d27882
003 OSt
005 20210119114256.0
008 190216s9999||||xx |||||||||||||| ||und||
040 _coclc
082 _a894.812301
_bPIL/Y
100 _aPillai, P Madhavan
_97623
245 0 _aYashpalinte Thiranjedutha Kathakal /
_cP Madhavan Pillai
260 _bNational Book Trust,
_aKottayam:
300 _a293p
650 _aKathakal
942 _cBK
_2ddc
_h894.812301
_iPIL/Y
_k894.812301
_mPIL/Y